000 02121cam a22002414a 4500
005 20250605164126.0
008 250528s ||||||||||||||||||||||||d
035 _a18458
020 _a9600209162
040 _aGR-AtMCL
_bgre
_dGR-AtMCL
_eAACR2
245 1 _aΔιεθνές Εμπόριο και Πληρωμές.
_nΑ' Τόμος: 5η Έκδοση
250 _a
260 _bΠαπαζήση,
_c1992
300 _a528
520 _aΕισαγωγή, Το Βασικό Υπόδειγμα Εμπορίου, Η Διεθνής Ανταλλαγή Εμπορευμάτων, Παραγωγή και Επέκταση των Ωφελειών του Διεθνούς Εμπορίου, Εφαρμογές του Βασικού Υποδείγματος, Το Πρότυπο Εμπορίου και η Διανομή Εισοδήματος, Τεχνολογία και Υπόδειγμα Εμπορίου του Richard, Αύξουσες Δαπάνες και Ειδικοί Παραγωγικοί Συντελεστές και Εμπόριο, Παραγωγικοί Συντελεστές και η Θεωρία των Heckschr-Ohlin, Εμπόριο Πολλών Αγαθών στο Πλαίσιο του Υποδείγματος Heckschr-Ohlin, Διεθνές Εμπόριο Ενδιάμεσων Αγαθών, Διεθνείς Κινήσεις Παραγωγικών Συντελεστών και Πολυεθνικές Εταιρείες, Θεωρία και Πράξη της Εμπορικής Πολιτικής, Δασμοί και Εθνική Ευημερία, Η Πολιτική Οικονομία του Προστατευτισμού, Έλεγχοι Εμπορίου στη Πράξη, Εμπορική Πολιτική και Ατελής Ανταγωνισμός, Προτιμησιακές Συμφωνίες Εμπορίου, Συμπληρώματα Επιλεγμένων Κεφαλαίων.
700 1 _aCaves Richard E
_91679
700 1 _aFrankel Jeffrey A
_94720
700 1 _aJones Ronald W
_94721
700 1 _aΣαρρής Α.Ι
_94722
942 _cBK
999 _c3819
_d3819